000 00709nam a2200217 a 4500
005 20191224041603.0
008 140227b1998 ck |||||rm||| 00| 0 spa d
040 _aCO-BoIAVH
_cCO-BoIAVH
041 _aspa
044 _ack
090 _aTE
_b0091
100 _aGarzón Colonia, Sandra Milena
245 _aEstudio sobre la estructura genética entre y dentro de dos subpoblaciones de Espeletia schultesiana en paramos bajos del sur de Colombia
260 _aCali
_bUniversidaddel Valle. Facultad de Ciencias
_c1998
300 _a15 p.
650 _aEcología de poblaciones
650 _aPáramo
650 _aEstructura genética
662 _aColombia
942 _cTESIS
_2z
999 _c1450
_d1450